[Event "EU-Cup 18th"]
[Site "Kallithea"]
[Date "2002.09.22"]
[Round "1.3"]
[White "Filipek, Jakub"]
[Black "Miroshnichenko, Evgenij"]
[Result "1-0"]
[WhiteElo "2373"]
[BlackElo "2525"]
[Annotator "Avrukh,B"]
[PlyCount "79"]
[EventDate "2002.09.22"]
[EventType "team-swiss"]
[EventRounds "7"]
[EventCountry "GRE"]
[SourceTitle "CBM 092"]
[Source "ChessBase"]
[SourceDate "2003.02.06"]
[SourceVersion "1"]
[SourceVersionDate "2003.02.06"]
[SourceQuality "1"]
[WhiteTeam "Temse"]
[BlackTeam "Momot Alexander"]
[WhiteTeamCountry "BEL"]
[BlackTeamCountry "UKR"]

1. e4 c5 2. Nf3 d6 3. d4 cxd4 4. Nxd4 Nf6 5. Nc3 a6 6. Bg5 Nbd7 $6 {Nowadays
this variation is quite a rare quest in tournament practice.White has clear
development advantage and not so clear what to do with black king.In present
game black tries to find a new set-up,also without success.} 7. Bc4 h6 8. Bh4
Ne5 $5 (8... b5 $2 9. Bd5 (9. Nd5 $1 Bb7 (9... bxc4 $140 $2 10. Nc6 {[%csl Rd8]
}) 10. Bxf6 Nxf6 11. Nxf6+ gxf6 12. Bd5 $1 {and white is clearly better}) 9...
Nxd5 10. exd5 (10. Nxd5 $5 Bb7 $140 $2 11. Ne6 $1 $18 {[%cal Gd1h5]}) 10... Bb7
11. O-O Nb6 {[%csl Rd5]} 12. Nf5 g6 13. Qd4 Rg8 14. Ne3 Bg7 15. Qd3 b4 16. Ncd1
Qd7 $13 {1/2-1/2 Baklan,V-Kempinski,R/Polanica Zdroj 2001/EXT 2002 (33)}) (8...
g6 9. f4 Bg7 10. O-O Qc7 11. Qe2 $6 (11. Bb3 $142 O-O 12. f5 $1 g5 13. Bg3 $14)
11... O-O 12. Nf3 b5 13. Bb3 Bb7 $13 {0-1 Marsalek,J-Jezek,J/Podebrady 1956/
MCD (37)}) 9. Bb3 g5 10. Bg3 e6 11. Qe2 $1 $146 {Quite a logical novelty ,
white will castle longside and will start a play against black knight in the
centre.} (11. O-O Ng6 (11... b5 $5) 12. Qd2 Be7 13. Rad1 Nh5 14. Ba4+ $5 Bd7 (
14... b5 $140 15. Nc6) 15. Bxd6 Bxd6 16. Nxe6 fxe6 17. Qxd6 b5 18. Bb3 Qe7 19.
Qb6 $44 {1-0 Aronin,L-Buslaev,A/Tbilisi 1957/MCD (26)}) 11... Bd7 (11... b5 12.
O-O-O Qc7 {maybe was more flexible}) 12. O-O-O b5 13. h4 (13. f4 $143 gxf4 14.
Bxf4 b4 $1 $13) 13... g4 (13... b4 $2 14. hxg5 bxc3 15. gxf6 cxb2+ 16. Kb1 Qxf6
17. f4 $40 {[%csl Re8]}) (13... Rg8 {opens h-file in white favour} 14. hxg5
hxg5 15. Nf3 (15. f4 gxf4 16. Bxf4 b4 $132) 15... Qc7 (15... Nxf3 $2 16. Qxf3
$16 {[%csl Rd6]}) 16. Nxe5 (16. a3 $5 $14) 16... dxe5 17. Qf3 Be7 18. Rh6 g4
19. Qe3 b4 20. Nb1 $16 {[%cal Gb1d2,Gd2c4,Gg3h4]}) 14. f4 gxf3 15. Nxf3 $2 (15.
gxf3 $1 b4 (15... Nh5 16. Bh2 Qf6 17. Qd2 $1 $16 {[%cal Gf3f4]}) 16. f4 $1 (16.
Na4 Qa5 {[%csl Ra4]}) 16... bxc3 17. fxe5 cxb2+ 18. Kb1 $36) 15... b4 $4 {
Decisive mistake in the begining of the battle} ({The logical continuation was
} 15... Qc7 $142 $1 16. Nxe5 (16. Rd4 Nc6 17. Rd2 b4 18. Na4 Rg8 $13) (16. h5
b4 17. Nb1 Bb5 $132) 16... dxe5 17. Qf3 (17. Rhf1 Be7 18. a3 Rg8 19. Rd3 a5 20.
Rdf3 Rb8 $1 $36 {[%cal Gb5b4]}) 17... Be7 18. Rhf1 (18. h5 Nh7 $1 {[%cal Gh7g5]
}) 18... Rg8 {with complicated play} (18... b4 $143 19. Ne2 Bc6 $140 $2 20. Nd4
$1 Bxe4 21. Ba4+ Kf8 22. Nxe6+ fxe6 23. Qxe4 $18 {[%csl Re5,Re6,Rf8]})) 16.
Nxe5 dxe5 (16... bxc3 17. Nxd7 cxb2+ 18. Kb1 Nxd7 19. Bxe6 $1 fxe6 $140 20.
Qh5+ Ke7 21. Bxd6+ Kf6 22. Rhf1+ Kg7 23. Qf7#) 17. Bxe5 $1 bxc3 18. Rhf1 Bg7
19. Qf3 cxb2+ 20. Bxb2 O-O 21. Bxf6 Qxf6 22. Qxf6 Bxf6 23. Rxf6 {After forced
line white won a pawn and the was transfered to the endgame with very big
advantage for white.} Bc6 24. e5 $1 (24. Rxh6 Bxe4 $14) 24... Kg7 25. Rd2 (25.
Rd4 $142 $1 {[%cal Gd4g4]} h5 26. g4 Rh8 27. gxh5 Rxh5 28. Rg4+ Kh8 (28... Kf8
29. Bxe6) 29. Rxf7 Rxe5 30. Rf6 $1 {winning the second pawn}) 25... h5 (25...
Rad8 26. Rdf2 Bd5 (26... Rd4 $2 27. Bxe6 $1) 27. c4 Be4 28. R2f4 $1 $18) 26. g4
$2 {If there is nothing wrong with the text of the game it's difficult to
explaint this move.} (26. Rd3 $1 {[%cal Gd3g3]} Rg8 27. Rc3 Rac8 (27... Bd5 28.
Rc7 $18) 28. Rg3+ Kf8 29. Rxg8+ Kxg8 30. Rxe6 $1) 26... Rh8 $2 (26... hxg4 27.
Rd4 (27. h5 g3 $132) 27... Bf3 28. h5 (28. Rd7 Rad8) 28... Rad8 $13) 27. g5 {
[%cal Gg5g6]} Rhd8 28. Rdf2 Ra7 29. g6 $1 fxg6 30. Rxe6 Be8 (30... Be4 31. Rd6
$1 Rf8 (31... Rxd6 32. exd6 Rd7 33. Rd2 Kf6 34. c4 $18) 32. Rxf8 Kxf8 33. Kd2
$18) 31. Rb6 $2 (31. Rd6 $142 $5) (31. Rd2 $142) 31... a5 $6 (31... Rd4 $1 {
[%csl Rh4]} 32. Rh2 $16) 32. a4 $2 (32. Rd2 $142 Rxd2 33. Kxd2 Re7 34. e6 $18)
32... Rc8 $2 (32... Rd4 $1 $13 {[%cal Gd4h4,Gd4a4]}) 33. e6 $18 {After losing
some good opportunities to create counterplay black is losing without chances.}
Rc5 (33... Re7) 34. Rb8 Re7 35. Rd2 {[%cal Gd2d8]} g5 (35... Kf6 36. Rdd8 Bc6
37. Rbc8 $18) 36. Rdd8 Bg6 ({More stubborn was} 36... Kf8 $142 {but also here
after right} 37. Rb5 $1 (37. hxg5 Rxg5 38. Bc4 (38. Bd5 {[%cal Gd5c6]} Kg7 $1)
38... Re5 $1 $16) 37... Rxb5 (37... Rec7 38. hxg5 Rxb5 39. axb5 Ke7 40. Rb8)
38. axb5 gxh4 39. b6 Rb7 40. Ba4 $18 {white wins}) 37. hxg5 Rxg5 (37... h4 38.
Rg8+ Kh7 39. Rh8+ Kg7 40. Rbg8#) 38. Rd7 Kf6 39. Rf8+ Kg7 40. Rf1 $1 {White
cut black king and black is hopeless against e6-pawn.} 1-0

[Event "GER-ch 66th"]
[Site "Binz"]
[Date "1994.??.??"]
[Round "3"]
[White "Luther, Thomas"]
[Black "Bangiev, Alexander J"]
[Result "1/2-1/2"]
[WhiteElo "2510"]
[BlackElo "2385"]
[Annotator "Bangiev,A"]
[PlyCount "33"]
[EventDate "1994.11.??"]
[EventType "swiss"]
[EventRounds "9"]
[EventCountry "GER"]
[SourceTitle "CBM 044"]
[Source "ChessBase"]
[SourceDate "1995.02.01"]
[SourceVersion "1"]
[SourceVersionDate "1995.02.01"]
[SourceQuality "1"]

1. e4 c5 2. Nf3 d6 3. d4 cxd4 4. Nxd4 Nf6 5. Nc3 a6 6. Bg5 Nbd7 7. Qe2 (7. f4
Qb6 $5) (7. Bc4 Qa5 8. Qd2 e6 9. O-O-O b5 10. Bb3 Bb7 11. Rhe1 O-O-O 12. Kb1
$14) 7... e6 8. O-O-O Be7 9. f4 Qc7 10. Nf3 $5 {/\ e5} h6 (10... b5 11. e5 b4
12. exf6 gxf6 13. Nd5 exd5 14. Bh4 {/\ Re1} (14. Re1 Ne5 $5) 14... Kd8 15. Nd4
$16) 11. Bh4 g5 $5 12. fxg5 hxg5 13. Bxg5 b5 14. a3 (14. h4 b4 15. Na4 Bb7 $13)
14... Rb8 $5 15. Qd2 (15. Bd2 Nc5 (15... b4 16. axb4 Rxb4 17. Nd5 exd5 18. Bxb4
dxe4 19. Nd4 $16) 16. e5 dxe5 17. Nxe5) 15... Qb7 $5 (15... Nc5 16. Qd4 $1 (16.
Bd3 b4 17. axb4 Rxb4 18. Nd5 Nb3+ $19) 16... e5 17. Qe3 $14) (15... Bb7 16. Bd3
$16) 16. b4 (16. Qd4 e5 17. Qd2 b4 $40) 16... Qc7 17. Bd3 (17. Bd3 Bb7 18. Rde1
Rc8 19. Nb1 (19. Kb2 Bf8 $5 20. Rhf1 Bg7 $36) (19. Nd1 Bf8 (19... a5 $6 20. Nd4
$5 (20. bxa5 d5) (20. Kb2)) 20. h3 Bg7 21. Rhf1 Nh7 22. Be3 Nhf8 {/\Ng6-e5})
19... Bf8 $5 (19... a5 $6 20. Nd4) (19... Nb6 20. Rhf1 Nc4 21. Qc3 e5 22. Nfd2
(22. Nxe5 Nxe4 $1) (22. Bxc4 Qxc4 23. Qxc4 Rxc4) (22. Nh4 $2 Nxe4 23. Rxe4
Bxg5+) 22... Nxd2 23. Qxc7 Nb3+ 24. cxb3 Rxc7+ 25. Kb2 $14) (19... d5 20. exd5
Bxd5 21. Rhf1 Bxf3 22. Rxf3 Qxh2 (22... Rxh2 $2 23. Bf4) 23. Ref1 Rg8 24. Bxf6
Nxf6 (24... Rxg2 25. R3f2 Rxf2 26. Rxf2 Qg1+ 27. Rf1 $16) 25. Rxf6 Rxg2 26.
R6f2 $16) 20. h3 $5 (20. Rhf1 Ng4 21. h3 Nge5 22. Nxe5 Nxe5) 20... Bg7 21. Rhf1
Nh7 22. Be3 Nhf8 23. Re2 Ng6 24. Ref2 Nge5 $13) 1/2-1/2

[Event "Sarajevo Bosna op 40th"]
[Site "Sarajevo"]
[Date "2010.05.11"]
[Round "7"]
[White "Huschenbeth, Niclas"]
[Black "Berg, Emanuel"]
[Result "0-1"]
[WhiteElo "2457"]
[BlackElo "2616"]
[Annotator "Berg,E"]
[PlyCount "68"]
[EventDate "2010.05.05"]
[EventType "swiss"]
[EventRounds "9"]
[EventCountry "BIH"]
[SourceTitle "CBM 136"]
[Source "ChessBase"]
[SourceDate "2010.05.18"]
[SourceVersion "1"]
[SourceVersionDate "2010.05.18"]
[SourceQuality "1"]

1. e4 c5 2. Nf3 d6 3. d4 cxd4 4. Nxd4 Nf6 5. Nc3 a6 6. Bg5 Nbd7 {An
interesting attempt for Black to avoid the sharp and theoretical variations
that follows after} (6... e6 7. f4 {when White also very often, if he likes to,
can force a draw.}) 7. Bc4 {This is considered to be the best move by theory.}
({If White tries the standard setup with} 7. f4 Qc7 8. Qf3 {Black can achieve
a good position after} h6 9. Bh4 (9. Bxf6 $5) 9... g5 $1 {with good counter
play for the sacrifed pawn.}) 7... Qb6 8. Bb3 e6 9. O-O ({White can also head
for the long castle by playing} 9. Qd2 Be7 10. O-O-O {when Black has tried both
} O-O {and} (10... Nc5)) 9... Be7 10. a4 {This move came as a surprise to me.
However, it has been played once before in a correspondance game. White is
trying to grab some space on the queenside playing a5, and he also stops Black
from playing ...b5 in the future.} Nc5 (10... Qa5 11. Nf3 Nc5 12. Bc4 Ncxe4 13.
Nxe4 Nxe4 14. Bxe7 Kxe7 15. Re1 $132 {0-1 Jacobs,B (2200)-Taras,I (2239)/ICCF
email 2006/Corr 2008 (32)}) 11. a5 Qc7 12. Ba2 {During the game I was slightly
surprised by this move as I had no intentions to exchange the bishop anyway.
However, this move does not only save the bishop, but also prepares b2-b4,
that might be played in the near future.} ({An interesting option is} 12. Re1 {
when after} Nxb3 (12... h6 $5) 13. cxb3 {White might get good counterplay
along the c-file and the N c3 can be transfered to b6 via a4.}) 12... h6 $1 {
A strong move, that forces White either to exchange his strong bishop on f6 or
retreat, which would give Black the option of taking the e4-pawn.} (12... Nfxe4
$2 {runs into} 13. Nxe4 Nxe4 14. Bxe7 Qxe7 15. Re1 {[%cal Ge1e8,Yd4f5] when
Black is in serious trouble, e.g.} d5 16. c4 $16 {and Black cannot hold on to
his extra pawn.}) 13. Be3 ({After} 13. Bxf6 Bxf6 {[%csl Gc8,Gf6] I like the
look of the Black position with his pair of bishops.}) 13... Ncxe4 $5 {This
move is the critical test of White's setup, but also involves a pawn sacrifice
from Black.} 14. Nxe4 Nxe4 15. Qg4 Nf6 {This looked like the most logial move
to me, but I also considered} (15... d5 {However after} 16. Qxg7 Bf6 17. Qg4 {
the position looks a bit shaky for Black as his king is stuck in the center
and White might break quickly with for instance c2-c4.} h5 18. Qf3) ({
Huschenbeth mentioned the strange-looking move} 15... Ng5 {during our
post-mortem. This is the top suggestion of my computer engine, but at the
board I did not even consider this move. It seems that White has a good game
after} 16. f4 h5 17. Qe2 Ne4 18. Nf3 {intending Bb6 with a nice initiaitve.
Black has no safe spot for his king and a pawn is a small sacrifice from White
to achieve this.}) 16. Qxg7 Rg8 17. Qxh6 Bd7 {Black is now intending to play ..
.0-0-0 and put pressure on the half open h- and g-files towards the white king.
When taking on e4 at move 13, my assessment of this position was that Black
should have full compensation for the given pawn. Black has a strong center,
open files for his rooks on the kingside and his B on d7 can become very
useful on c6 later in the game.} ({I was looking quickly at the move} 17... e5
$2 {that might lead to a forced draw if White moves his N. However White also
has the very unpleasant move} 18. Bg5 $1 (18. Nf3 $2 Rg6 19. Qh8+ Rg8 20. Qh4
Rg4 21. Qh3 Rg6 $11 {forces a draw for Black.}) {Now after} 18... Ng4 19. Qh7
Rxg5 {White is simply winning after} 20. Bxf7+ Kf8 (20... Kd7 21. Ne6 $18) 21.
Bd5 Ke8 (21... Bd8 22. Qh8+ Ke7 23. f4 $1 $18) 22. h4 $1 exd4 23. hxg5 $18) 18.
f3 {For the first time in the game, my opponent started thinking. And it was a
deep thought of not less than 47 minutes, clearly indicating that Black has a
strong initiative. f3 is aimed against the black bishop, that will come to c6
sooner or later. Now it will at least be harder to cause White any harm on the
diagonal.} ({If White would have continued with the rather logical move} 18.
Nf3 {in order to play Bb6 Black can still play} O-O-O (18... Bc6 {Huschenbeth})
19. Bb6 Qc6 20. Qe3 {and now} Ng4 21. Qc3 Ne5 $36 {[%csl Rg1] with a very
strong initiaitve for Black.} 22. Nxe5 Rxg2+ 23. Kh1 dxe5 24. Bxd8 Bxd8 25. f3
Rxc2 26. Qxc6+ Bxc6 $17 {[%csl Gc6,Gd8,Rh1][%cal Ge5e4]}) 18... O-O-O 19. Ne2 (
{In case of} 19. Bf2 {Black can follow up the same way as in the game.} Rg6 20.
Qe3 Rdg8 {Forcing further weaknesses from White.} 21. g3 d5 {[%csl Rg3][%cal
Ge7d6,Yg6g3,Rf6h5] and once again the Black position looks very promising to
me.}) 19... Rg6 20. Qf4 Rdg8 21. g3 {This move is a serious weakening of
White's kingside, but it seems tat White didn't have much of a choice.} (21.
Ng3 $2 {would have been a mistake in view of the nice combination} Nh5 $1 22.
Nxh5 Rxg2+ $1 (22... Bg5 $6 23. Bb6 $1 (23. Qd4 $2 Bxe3+ 24. Qxe3 Rxg2+ {
transposes back to 22.Rxg2+.}) 23... Bxf4 24. Nxf4 Qxc2 ({After} 24... Qc6 25.
Nxg6 Rxg6 26. c4 {White's R+B+P is stronger than the black queen, since Black
lacks a target for counterplay.}) 25. Rac1 Rxg2+ 26. Nxg2 Rxg2+ 27. Kh1 Rxh2+
28. Kg1 Rg2+ $11 {with perpetual checks.}) 23. Kh1 Bg5 24. Qd4 Bxe3 25. Qxe3
Qxc2 26. Qf4 (26. Qc3+ Bc6 $17) 26... Bc6 $1 $17 {[%csl Gc2,Gc6,Gg2,Gg8,Rh1]
[%cal Ye6e5] Black's pieces are all working very well, while White is
struggling to stay in the game.} 27. Rac1 Qe2 $1 $19 {White simply cannot
handle all the threats and has to give up material not too loose immediately.}
(27... Rxh2+ 28. Qxh2 Bxf3+ 29. Qg2 $8 Bxg2+ 30. Kh2 Qxc1 31. Rxc1+ Bc6 $15 {
[%csl Gd6,Ge6,Gf7]})) ({Just for a moment I got a bit worried about the
counter threat} 21. Bb6 {but soon found out, that Black would be fine at least.
} e5 $1 22. Bxc7 Rxg2+ (22... exf4 $2 {[%cal Gg6g2]} 23. Nxf4 Kxc7 24. Bxf7
R6g7 25. Bxg8 Rxg8 {[%csl Gd7,Ge7,Gf3,Gg2,Gh2]} 26. Rfe1 $16 {White has simply
too many pawns and there are no real targets for counterplay for Black.}) 23.
Kh1 exf4 24. Nxf4 Rxc2 25. Bb6 Kb8 $1 $36 {[%csl Gc2,Rh1][%cal Gg8h8,Yd7c6]
The material is level, but Black is definitley the one with the better chances
here, having control of the 2nd rank and a very active position.}) 21... Nh5
22. Qc4 (22. Qxf7 $2 R8g7 {[%csl Rf7]} 23. Bxe6 $8 Bxe6 $1 (23... Rxf7 $6 {
is just asking for trouble after} 24. Bxf7 {and White has very good
compensation for his queen.}) 24. Qe8+ Qd8 $15 {Black has a piece for three
pawns and stands slightly better.}) (22. Qd4 $5) 22... Bc6 {With this move
Black avoids the exchange of queens, but he also activates his B as well as
creating the theat...d6-d5 targeting the g3-pawn.} 23. Bb6 Qb8 $1 {[%cal Gb8g3,
Yd6d5] After some thought I finally decided to put the queen on the back rank.
It's important to keep it on the diagonal b8-h2 for the future and actually I
also ad in mind thait might be useful on the 8th rank after the move ..Kd7 in
some occasions.} ({After} 23... Qd7 {Black has no immediate threats and White
has more time to consolidate.}) 24. Bf2 {This move is rather logical in order
to over-protect the g3-pawn. However, this square might have been more useful
as a way to escape for the white king.} (24. Nd4 {is a critical move, but the
tactics are working for Black now.} Rxg3+ $1 ({Not} 24... d5 $2 25. Nxc6 Rxg3+
26. Kh1 {when White is having the better prospects.}) 25. Kh1 (25. hxg3 $4 d5
$19) 25... Kd7 $1 26. Nxc6 bxc6 27. Qxa6 Rh3 $17 28. Qa7+ Qxa7 29. Bxa7 Ng3+
30. Kg2 Ne2+ $1 31. Kh1 (31. Kxh3 Nf4#) (31. Kf2 Rxh2+ 32. Ke1 Rgg2 $19) 31...
Bh4 $17) (24. Qd3 $1 {looks like the a better continuation for White in order
to wait and see. Most probably Black will have to play ...d5 anyway.}) 24... d5
25. Qd3 (25. Qd4 Bf6 {[%csl Rb2][%cal Yf6e5]}) 25... Bd6 $1 ({Another
interesting move was} 25... Nf4 $5 26. Nxf4 Qxf4 $36 {threatening ...Rxg3 or
first ..Bd6. Black has a strong initiative.}) 26. Kg2 (26. Rfd1 Bxg3 $1 27.
hxg3 Nxg3 28. Nxg3 Rxg3+ 29. Kf1 Rg2 $17 {Black will soon enter with his queen
on h2 with a decisive attack.}) 26... Nf4+ {A simplifying move in timetrouble,
that puts even more pressure on g3, but now White gets a chance to escape the
worst. Black had two highly interesting options.} (26... d4 $5 27. Bxd4 (27.
Qxd4 $2 Nxg3 28. hxg3 Bxg3 29. Bxg3 Rxg3+ 30. Kf2 Rxf3+ 31. Ke1 Rxf1+ 32. Kxf1
Qh2 $19 {[%csl Rf1]}) 27... Bxg3 (27... Nxg3 $2 28. hxg3 Bxg3 29. Rh1 $16) 28.
hxg3 Nf4+ $1 29. Nxf4 Rxg3+ 30. Kf2 Qxf4 31. Ke1 Rd8 32. Rd1 e5 33. Be3 Rxd3
34. Bxf4 Rxd1+ 35. Kxd1 exf4 $15) (26... Bxg3 $1 27. Bxg3 (27. hxg3 $2 Nf4+ $1
28. Nxf4 Qxf4 29. Rg1 Rxg3+ 30. Kf1 Rxg1+ 31. Bxg1 Rg3 32. Ke2 Rg2+ 33. Bf2
Qe5+ 34. Qe3 (34. Kf1 Qh2 35. Qd4 Qh1+ 36. Bg1 (36. Ke2 Qxa1 $19) 36... Rxc2
$19) 34... Qxb2 $17) 27... Nxg3 (27... Nf4+ 28. Nxf4 Qxf4 29. Kf2 Rxg3 30. hxg3
Qxg3+ 31. Ke2 Qe5+ 32. Kf2 (32. Kd1 $4 Qxb2 $19) (32. Qe3 Rg2+ 33. Rf2 Bb5+ 34.
Kd2 Qxe3+ 35. Kxe3 d4+ 36. Kxd4 Rxf2 $17) 32... Qg3+ $11) 28. hxg3 Rxg3+ 29.
Kf2 Rg2+ 30. Ke1 Qe5 $36 {Black has a strong initiative for the given piece
and excellent attacking chances. White lacks counterplay and for the moment
all of his pieces are just defending.}) 27. Nxf4 Bxf4 28. Rg1 $1 {By putting
his own R to g1 White is well prepared against the B sacrifice on g3.} d4 (
28... Bxg3 $5 {An interesting, but also very risky move for Black.} 29. hxg3
Rxg3+ 30. Kf1 Rxg1+ 31. Bxg1 Qg3 (31... Qf4 $44 {Black has reasonable
compensation in view of the exposed white king, but when defending correct
White can well get the upper hand.}) 32. Bf2) ({Activating the queen was
perhaps a better choice with ideas such as ...Qh5.} 28... Qe5) 29. Kf1 (29. Kh1
$4 Be3 30. Qe2 Rf6 $19 {[%csl Rf3]}) (29. Bxd4 $1 Bxg3 30. Kf1 (30. hxg3 Qxg3+
31. Kf1 Qh3+ 32. Kf2 Qh2+ $19) 30... Qf4 (30... Bxh2 $2 31. Bxe6+ $1 fxe6 (
31... Bd7 32. Bxd7+ Kxd7 33. Rxg6 Rxg6 34. Be5+ $18) 32. Rxg6 $16) 31. hxg3
Rxg3 32. Bf2 Rxg1+ 33. Bxg1 Rg3 34. Qd4 Qxf3+ 35. Ke1 (35. Bf2 Rg1+ 36. Kxg1
Qh1#) 35... Rg4 36. Bxe6+ $1 fxe6 37. Qh8+ Kd7 38. Qh7+ Ke8 39. Qh5+ Kf8 40.
Qc5+ Kf7 41. Qf2 Qf5 42. Qxf5+ exf5 $15) 29... Be3 30. Bxe3 dxe3 31. Ke2 $2 ({
Much better was} 31. Qxe3 Rf6 32. f4 Qd6 $132 {when Black has full
compensation for two pawns, but White is very much in the game.} ({The logical
follow up} 32... e5 {might soon end up in trouble for Black after} 33. Re1 $1
$132 Re8 (33... exf4 34. Qe7) 34. Qc3 Qc7 35. Re2 {and White still remains
with two extra pawns.})) 31... Qe5 $1 {The start of a winning queen mauvre.} (
31... Rh6 32. h4 (32. Rg2 Rxh2 $1 33. Rxh2 Bxf3+ $1 34. Kxe3 Qxg3 $19) 32...
Rxg3 $17) 32. Qxe3 Qxb2 33. Bb3 Qh8 $1 34. Rg2 $4 {A terrible blunder, but
White is in great difficulties no matter what he plays.} (34. Rh1 Rg5 $1 (34...
Rh6 $17) 35. f4 Qh5+ 36. Kf2 Qh3 37. Rag1 Rxa5 $17) 34... Qxa1 {Ooops, that
guy wasn't protected anymore!} 0-1